Top 10 joueurs sur Fifa (2001-2005) - Statistiques

Statistiques générales
  • Ce quiz a été pris 433 fois
  • Le résultat moyen est 25 sur 50
Statistiques - réponses
Note Joueur % Correct
92 Ronaldo
98%
94 Ronaldo
98%
95 Zidane
95%
94 Zidane
95%
96 Zidane
95%
96 Zidane
95%
93 Ronaldinho
89%
93 Henry
85%
95 Henry
85%
97 Henry
85%
97 Buffon
63%
90 Maldini
62%
94 Figo
59%
97 Figo
59%
92 Kaka
57%
95 Rivaldo
55%
90 Rivaldo
55%
91 Rivaldo
55%
93 Beckham
54%
89 Beckham
54%
90 Beckham
54%
94 Casillas
51%
92 Nedved
50%
89 Owen
49%
93 Nesta
43%
94 Nesta
43%
91 Carlos
42%
91 Carlos
42%
93 Raul
41%
91 Raul
41%
90 Raul
41%
94 Shevchenko
39%
95 Shevchenko
39%
90 Shevchenko
39%
93 Vieira
38%
94 Vieira
38%
94 Kahn
36%
95 Kahn
36%
93 Van Nistelrooy
30%
95 van Nistelrooy
30%
93 Totti
24%
93 Totti
24%
93 Ferdinand
23%
92 Ballack
19%
94 Davids
14%
94 Davids
14%
94 Keane
9%
94 Batistuta
8%
89 Veron
8%
93 Campbell
6%
Aucun quiz correspondant
Distribution des résultats
% des personnes avec chaque résultat
Percentile par nombre de réponses
Votre historique - résultats
Vous n’avez pas pris ce quiz